Statistics for House of the Dragon Quiz

Click here to take the quiz!

General Stats

  • This quiz has been taken 972 times
  • The average score is 11 of 20

Answer Stats

HintAnswer% Correct
Rhaenyra's first husbandLaenor
91%
Viserys' wife in Episode 1 (tricky spelling)Aemma
87%
Alicent's sworn shieldCriston
76%
The Queen Who Never WasRhaenys
73%
He slashed out Aemond's eyeLucerys
71%
Daemon's dragonCaraxes
68%
Criston murdered him at a wedding (show), or at a tourney (book)Joffrey
64%
Helaena's dragonDreamfyre
61%
Daemon's daughter who is not yet a dragon riderRhaena
57%
In books, he is Corlys' nephew. In show, he is his younger brother.Vaemond
57%
King before ViserysJaehaerys
55%
Dragon of Aegon (son of Alicent)Sunfyre
53%
ClubfootLarys
50%
Daemon's first wifeRhea
47%
Jacaerys' dragonVermax
43%
Daemon's paramour in Episode 1 and 2, 'the White Worm'Mysaria
34%
Viserys names him hand after Otto is dismissedLyonel
33%
The lover that Laenor ran away with (or in book, the lover that killed him)Qarl
29%
Lord Commander of the Kingsguard during Episode 7Harrold
21%
Grand Maester during Episode 1 of HotD (not book canon)Mellos
14%

Score Distribution

Percentile by Number Answered

Percent of People with Each Score

Your Score History

You have not taken this quiz